00372pab a2200133 454500008004000000100001800040245006000058260000900118300001500127362001400142650002800156650002000184773003400204180718b1997 xxu||||| |||| 00| 0 eng d aAcharya, Alka aChina: consensus for reform and reforming the consensus c1997 ap.2586-587 a11-17 Oct aEconomic reform - China aEconomic reform aEconomic and Political Weekly